10 stanów USA wysuniętych najbardziej na północ - Statystyki

Ogólne statystyki
  • Ten quiz został rozwiązany 86 razy
  • Średni wynik to 6 z 10
Statystyki odpowiedzi
Szerokość
geograficzna
Stan % Poprawnych
71.4 °N Alaska
91%
49.0 °N Waszyngton
91%
49.0 °N Dakota Północna
71%
47.5 °N Maine
65%
49.0 °N Montana
63%
48.2 °N Michigan
61%
49.0 °N Idaho
51%
49.4 °N Minnesota
51%
46.3 °N Oregon
47%
47.3 °N Wisconsin
40%
Nie znaleziono quizów pasujących do podanych kryteriów
Rozkład punktacji
Procent ludzi z każdym wynikiem
Percentyl według liczby udzielonych odpowiedzi
Twoja historia wyników
Nie rozwiązałeś tego quizu